| 000 | 00548nam a22001697a 4500 | ||
|---|---|---|---|
| 003 | MACL | ||
| 005 | 20160724153541.0 | ||
| 008 | 160724b xxu||||| |||| 00| 0 eng d | ||
| 040 | _cMACL | ||
| 041 | _aHindi | ||
| 082 | _a403 | ||
| 100 |
_aतरूण, हरिवंश _950763 |
||
| 245 |
_aप्रामाणिक पर्यायवाची कोश _cहरिवंश तरूण |
||
| 260 |
_aनई दिल्ली _bलोक शिक्षा मंच _c2014 |
||
| 650 |
_aकोश _965261 |
||
| 942 |
_2ddc _cHIN |
||
| 999 |
_c54932 _d54932 |
||